| 000 | 00852nam a2200253 i 4500 | ||
|---|---|---|---|
| 001 | bg | ||
| 100 | 1 |
_aWegscheider-Cruse, Sharon _d(1938- ). |
|
| 245 | 1 | 0 |
_aNowa szansa : _bnadzieja dla rodziny alkoholowej / _cSharon Wegscheider-Cruse ; [przekł. Magdalena Ślósarska]. |
| 246 | 0 |
_iTyt. oryg. : _aAnother chance |
|
| 260 |
_aWarszawa : _bInstytut Psychologii Zdrowia, _c2000. |
||
| 300 |
_a312 s. : _bwykr. ; _c24 cm. |
||
| 504 | _aBibliogr. s. 312. | ||
| 650 | 9 |
_aAlkoholizm _xzapobieganie i zwalczanie |
|
| 700 | 1 |
_aŚlósarska, Magdalena _d(1944- ). |
|
| 020 | _a8385452672 | ||
| 040 | _cBPK | ||
| 041 | 1 |
_apol _heng |
|
| 044 | _aPOL | ||
| 080 | _a613.81 | ||
| 920 | _a83-85452-67-2 | ||
| 942 | _cKS | ||
| 008 | s pl f |000 0 pol | ||
| 999 |
_c54170 _d54170 |
||
| 856 |
_uhttp://koha.tu.koszalin.pl/cgi-bin/koha/opac-detail.pl?biblionumber=54170 _yKatalog online BPK |
||